000 01116cam a22003738a 4500
003 DLC
005 20241220114548.0
008 030226s2003 nyu 000 1 eng
001 2003042316
010 _a 2003042316
020 _a006019443X (alk. paper)
035 _a(Sirsi) i9780060194437
040 _aDLC
_cDLC
043 _an-us-nm
050 0 0 _aPS3558.I45
_bS46 2003
082 0 0 _a813/.54
_221
092 _aHIL
100 1 _aHillerman, Tony.
_93180
245 1 4 _aThe sinister pig /
_cTony Hillerman.
250 _a1st ed.
260 _aNew York :
_bHarperCollins,
_cc2003.
263 _a0305
300 _a228 p. ;
_c24 cm.
650 0 _aLeaphorn, Joe, Lt. (Fictitious character)
_vFiction.
_95729581
650 0 _aChee, Jim (Fictitious character)
_vFiction.
_95729577
650 0 _aIndian reservation police
_vFiction.
_95697062
650 0 _aPolice
_zNew Mexico
_vFiction.
_96361718
650 0 _aNavajo Indians
_vFiction.
_95729579
651 0 _aNew Mexico
_vFiction.
_95681168
655 7 _aMystery fiction.
_2gsafd
_96155608
942 _cBOOK
_061
979 _a461031
998 _aa79319
999 _c35637
_d35637